Методы прогноза землетрясений; Ресурсоэффективные системы в управлении и контроле: взгляд в будущее; Ч. 1

Библиографические подробности
Источник:Ресурсоэффективные системы в управлении и контроле: взгляд в будущее: сборник научных трудов II Международной конференции школьников, студентов, аспирантов, молодых ученых, 08 - 12 октября 2013 г./ Национальный исследовательский Томский политехнический университет (ТПУ).— , 2013
Ч. 1.— 2013.— [С. 64-66]
Главный автор: Енбеков Т. С.
Автор-организация: Национальный исследовательский Томский политехнический университет (ТПУ) Институт неразрушающего контроля (ИНК) Кафедра иностранных языков Института неразрушающего контроля (ИЯНК)
Другие авторы: Гутарева Н. Ю. Надежда Юрьевна (научный руководитель)
Примечания:Заглавие с титульного экрана
Язык:русский
Опубликовано: 2013
Серии:Современные технологии в неразрушающем контроле
Предметы:
Online-ссылка:http://www.lib.tpu.ru/fulltext/c/2013/C47/V1/024.pdf
Формат: Электронный ресурс Статья
Запись в KOHA:https://koha.lib.tpu.ru/cgi-bin/koha/opac-detail.pl?biblionumber=603053

MARC

LEADER 00000naa2a2200000 4500
001 603053
005 20260212164224.0
035 |a (RuTPU)RU\TPU\conf\192 
035 |a RU\TPU\conf\190 
090 |a 603053 
100 |a 20131206d2013 k y0rusy50 ca 
101 0 |a rus 
102 |a RU 
135 |a drnn ---uucaa 
181 0 |a i  
182 0 |a b 
200 1 |a Методы прогноза землетрясений  |f Т. С. Енбеков  |g науч. рук. Н. Ю. Гутарева 
203 |a Текст  |c электронный 
225 1 |a Современные технологии в неразрушающем контроле 
300 |a Заглавие с титульного экрана 
320 |a [Библиогр.: с. 66 (4 назв.)] 
337 |a Adobe Reader 
461 1 |0 (RuTPU)RU\TPU\conf\171  |t Ресурсоэффективные системы в управлении и контроле: взгляд в будущее  |o сборник научных трудов II Международной конференции школьников, студентов, аспирантов, молодых ученых, 08 - 12 октября 2013 г.  |o в 4 ч.  |f Национальный исследовательский Томский политехнический университет (ТПУ)  |d 2013 
463 1 |0 (RuTPU)RU\TPU\conf\172  |t Ч. 1  |v [С. 64-66]  |d 2013 
610 1 |a труды учёных ТПУ 
610 1 |a электронный ресурс 
610 1 |a методы 
610 1 |a прогнозы 
610 1 |a землетрясения 
700 1 |a Енбеков  |b Т. С. 
702 1 |a Гутарева  |b Н. Ю.  |c лингвист  |c доцент Томского политехнического университета, кандидат педагогических наук  |f 1979-  |g Надежда Юрьевна  |4 727 
712 0 2 |a Национальный исследовательский Томский политехнический университет (ТПУ)  |b Институт неразрушающего контроля (ИНК)  |b Кафедра иностранных языков Института неразрушающего контроля (ИЯНК)  |3 (RuTPU)RU\TPU\col\18721 
801 2 |a RU  |b 63413507  |c 20131206  |g RCR 
856 4 |u http://www.lib.tpu.ru/fulltext/c/2013/C47/V1/024.pdf 
942 |c BK